| 000 | 00337nam a22001337a 4500 | ||
|---|---|---|---|
| 020 | _qPB. | ||
| 040 | _cFIZZA ISHAQ | ||
| 082 |
_a624.1513 _bCHU |
||
| 100 |
_aFU,C.CHUNG. _991264 |
||
| 245 |
_aCOMPUTATIONAL ANALYSIS & DESIGN OF BRIDGE STRUCTURES / _cCHUNG C.FU. |
||
| 260 |
_bCRC PRESS, _c2017. |
||
| 300 | _a607 P. ; | ||
| 942 |
_2ddc _cBK |
||
| 999 |
_c593503 _d593503 |
||